Accounting for decision making and control

Bibliographic Details
Main Author: Zimmerman, Jerold L. 1947- (Author)
Format: Book
Published: Boston McGraw-Hill/Irwin c2006
Edition:5th ed
Subjects:

MARC

LEADER 00000cam a2200000 7i4500
001 0000000298
008 021118s2006
020 |a 0071115544 
050 0 0 |a HF5635  |b .Z56 2006 
100 0 |a Zimmerman, Jerold L.  |d 1947-  |e author 
245 1 0 |a Accounting for decision making and control  |c Jerold L. Zimmerman 
250 |a 5th ed 
260 2 |a Boston  |b McGraw-Hill/Irwin  |c c2006 
300 |a xvi, 800 p.  |b ill.  |c 26 cm 
650 0 |a Managerial accounting 
999 |a 1000105187  |b Book  |c OPEN SHELF (30 DAYS)  |e Gong Badak Campus